000 005380000a22001810004500
003 MACL
005 20160403160611.0
008 160403b xxu||||| |||| 00| 0 eng d
040 _aMACL
_cMACL
041 _aHindi
082 _a300
100 _aमल पूरण
_950406
245 _aअस्‍पृश्‍यता एवं दलित चेतना
260 _bपोइन्‍टर पब्लिशर्स
_c1999
_aजयपुर
350 _a400
650 _aSociology
_950407
942 _cHIN
_k300
_2ddc
999 _c11338
_d11338